00522pab a2200169 454500008004000000100002800040245004700068260000900115300001200124362001100136650003000147650002800177773001500205909001000220999001700230952010500247180718b1996 xxu||||| |||| 00| 0 eng d aChatterjee, Arun Prakas aUnited Front of leftists with the Congress c1996 ap.15-16 a29 Jun aPolitical parties - India aPolitics and government aMainstream a31610 c31610d31610 00104070aIIPAbIIPAd2018-07-19hVolume no: 34, Issue no: 30pAR31790r2018-07-19w2018-07-19yAR